000 00625nam a2200217Ia 4500
001 7412
003 GE_BSU
008 181216s||||||||xx |||||||||||||| ||und||
040 _cGE_BSU
080 _a821.353.1-32
100 _aდადიანი,შალვა.
245 _aწიგნი პირველი.
245 _bჩანაწერები.
245 _cრედ:გრ.მიქაუტაძე.
260 _aთბილისი.
260 _bფედერაცია.
260 _c1939.
300 _a292გვ;22სმ.
653 _aჩანაწერები.
942 _cBK
999 _c40773
_d40773